000 00781nam a2200289Ia 4500
003 OSt
005 20221007123333.0
006 a|||||r|||| 00| 0
007 ta
008 221006b |||||||| |||| 00| 0 eng d
020 _a0750650303 (pbk)
024 _a15379
037 _cTextual
040 _aPAPL
_cPAPL
_beng
041 _2eng
_aeng
082 _aD65,4(C5), P1 Carpa
100 _aCrisp John
245 0 _aIntroduction to fiber optics
250 _a2
260 _aOxford
_bNewnes
_c2001
300 _avi,230p
_ccm.
500 _aGlossary 210-216p; Index 227-230p.
650 _a Optics Fiber
_9717114
650 _aFiber optics
_9416604
942 _hD65,4(C5), P1 Carpa
_cTEXL
_2CC
999 _c1211714
_d1211714